Statistics for Unique Capital Cities: by 1st-2nd-3rd-4th-5th-6th Letter

Click here to take the quiz!

General Stats

  • This quiz has been taken 299 times
    (285 since last reset)
  • The average score is 10 of 17

Answer Stats

LetterCapital City% Correct
1stQ{uito}
97%
1stU{laanbaatar}
92%
1stZ{agreb}
92%
1stI{slamabad}
89%
2nd{A}p{ia}
81%
2nd{A}c{cra}
76%
4th{Kie}v
76%
2nd{S}k{opje}
59%
2nd{P}y{ongyang}
52%
3rd{So}f{ia}
44%
5th{Funa}f{uti}
39%
4th{Bra}z{zaville}
36%
4th{Tok}y{o}
35%
5th{Nayp}y{idaw}
28%
6th{Port-o}f-{Spain}
25%
5th{Mala}b{o}
23%
5th{Otta}w{a}
17%

Score Distribution

Percentile by Number Answered

Percent of People with Each Score

Your Score History

You have not taken this quiz since the last reset